书目信息 |
| 题名: |
计算尺使用法
|
|
| 作者: | 赫颖举 编 | |
| 分册: | ||
| 出版信息: | 北京 人民邮电出版社 1971.2 |
|
| 页数: | 124页 | |
| 开本: | 20cm | |
| 丛书名: | ||
| 单 册: | ||
| 中图分类: | TH72 | |
| 科图分类: | ||
| 主题词: | 坐标仪 , 计算机具 | |
| 电子资源: | ||
| ISBN: | ||
| 000 | 00509nam0 2200193 45 | |
| 001 | 0312221749 | |
| 005 | 20060414100402.71 | |
| 010 | @dCNY0.30 | |
| 100 | @a20031222d1971 km y0chiy0120 ea | |
| 101 | @achi | |
| 200 | 1 | @a计算尺使用法@AJi Suan Chi Shi Yong Fa@f赫颖举编@FHe Ying Ju Bian |
| 210 | @a北京@c人民邮电出版社@d1971.2 | |
| 215 | @a124页@d20cm | |
| 606 | 0 | @a坐标仪 |
| 606 | 0 | @a计算机具 |
| 690 | @aTH72@v3 | |
| 701 | 0 | @a赫颖举@Ahe ying ju@4编 |
| 801 | @aCN@bTSTCL@c20060414 | |
| 905 | @a213230@dTH72@e9 | |
| 计算尺使用法/赫颖举编.-北京:人民邮电出版社,1971.2 |
| 124页;20cm |
| ISBN :CNY0.30 |
| ● |
| 相关链接 |
|
|
|
|
正题名:计算尺使用法
索取号:TH72/9
 
预约/预借
| 序号 | 登录号 | 条形码 | 馆藏地/架位号 | 状态 | 备注 |
| 1 | 0057706 | 202258671 | 密集书库/ [索取号:TH72/9] | 在馆 | |
| 2 | 0057707 | 202258662 | 密集书库/ [索取号:TH72/9] | 在馆 |